000 00303nam a2200109Ia 4500
008 200302s9999 xx 000 0 und d
100 _aS. C. Bhatt ed.
245 _aThe Encyclopaedic District Gazetteers of India Western Zone Vol 7
260 _bGyan Publishing House
260 _c1998
300 _a616 P.,
999 _c2131
_d2131